Top 500 Baby Boy Names in 1987 (United States) - Statistics

General Stats
  • This quiz has been taken 229 times
  • The average score is 241 of 500
Answer Stats
Hint Answer % Correct
11 John
98%
181 Jon
98%
164 Jack
96%
1 Michael
93%
159 Micheal
93%
48 Jose
92%
136 Andre
91%
5 David
91%
376 Chris
90%
149 Danny
90%
15 William
90%
24 Thomas
89%
35 Charles
88%
61 Edward
88%
77 George
88%
8 James
88%
104 Jesus
88%
12 Joseph
88%
143 Marc
88%
36 Mark
88%
16 Nicholas
88%
278 Nickolas
88%
230 Nicolas
88%
46 Paul
88%
347 Stephan
88%
38 Stephen
88%
25 Steven
88%
7 Daniel
87%
412 Don
87%
97 Frank
87%
64 Peter
87%
393 Sam
87%
424 Ben
86%
2 Christopher
86%
116 Johnathan
86%
279 Johnathon
86%
18 Jonathan
86%
132 Jonathon
86%
476 Kristofer
86%
145 Kristopher
86%
40 Sean
86%
151 Shaun
86%
59 Shawn
86%
60 Alex
85%
70 Donald
85%
30 Richard
85%
28 Benjamin
84%
20 Brian
84%
51 Bryan
84%
182 Bryant
84%
10 Robert
84%
50 Samuel
84%
27 Adam
83%
37 Alexander
83%
21 Eric
83%
250 Erick
83%
94 Erik
83%
479 Jackson
83%
184 Joe
83%
19 Kevin
83%
140 Mathew
83%
3 Matthew
83%
6 Andrew
82%
17 Anthony
82%
410 Leo
82%
111 Luke
82%
233 Steve
82%
228 Brad
81%
265 Dean
81%
455 Fred
81%
303 Harry
81%
137 Henry
81%
45 Nathan
81%
13 Ryan
81%
311 Zachery
81%
406 Zackary
81%
497 Zackery
81%
31 Jacob
80%
67 Marcus
80%
26 Timothy
80%
318 Leon
79%
121 Lucas
79%
405 Oliver
79%
33 Zachary
79%
4 Joshua
78%
242 Leonard
77%
56 Bradley
76%
126 Carl
76%
260 Karl
76%
366 Charlie
75%
23 Jason
75%
426 Jayson
75%
9 Justin
75%
251 Branden
74%
14 Brandon
74%
90 Christian
74%
213 Frederick
74%
453 Fredrick
74%
482 Johnnie
74%
127 Johnny
74%
22 Kyle
74%
84 Philip
74%
68 Phillip
74%
112 Alan
73%
361 Allan
73%
128 Allen
73%
353 Eli
73%
321 Ethan
73%
87 Gary
73%
29 Jeremy
73%
52 Jordan
73%
468 Jordon
73%
346 Lewis
73%
161 Louis
73%
82 Luis
73%
73 Ronald
73%
239 Tommy
73%
91 Victor
73%
34 Aaron
72%
168 Billy
72%
47 Gregory
72%
41 Patrick
72%
219 Eddie
71%
83 Evan
71%
81 Ian
71%
283 Ray
71%
377 Stefan
71%
109 Jeffery
70%
32 Jeffrey
70%
177 Arthur
69%
269 Andy
68%
53 Kenneth
68%
498 Leonardo
68%
147 Bobby
67%
166 Jake
67%
78 Nathaniel
67%
39 Tyler
67%
244 Francis
66%
152 Isaac
66%
299 Joey
66%
206 Theodore
66%
95 Vincent
66%
252 Abraham
65%
158 Albert
65%
74 Carlos
65%
307 Dillon
65%
141 Dylan
65%
289 Elijah
65%
487 Freddie
65%
118 Martin
65%
236 Noah
65%
163 Oscar
65%
115 Larry
64%
404 Owen
64%
79 Raymond
64%
419 Rick
64%
54 Derek
63%
183 Julian
63%
268 Mason
63%
391 Derick
62%
86 Derrick
62%
66 Juan
62%
123 Tony
62%
174 Walter
62%
185 Jay
61%
125 Jerry
61%
43 Scott
60%
134 Colin
59%
276 Collin
59%
191 Edwin
59%
146 Lawrence
59%
101 Mitchell
59%
72 Antonio
58%
57 Corey
58%
62 Cory
58%
365 Damian
58%
343 Damien
58%
107 Dennis
58%
155 Jimmy
58%
75 Joel
58%
466 Korey
58%
371 Kory
58%
243 Marco
58%
188 Max
58%
65 Shane
58%
93 Trevor
58%
98 Gabriel
57%
341 Harrison
57%
178 Jamie
57%
130 Jeremiah
57%
214 Jessie
57%
117 Taylor
57%
272 Harold
56%
270 Hunter
56%
217 Ivan
56%
176 Roger
56%
344 Simon
56%
96 Cameron
55%
271 Franklin
55%
267 Isaiah
55%
154 Lee
55%
403 Noel
55%
241 Xavier
55%
234 Cole
54%
431 Elliot
54%
414 Elliott
54%
55 Jesse
54%
203 Roy
54%
119 Russell
54%
42 Travis
54%
313 Alfred
53%
175 Grant
53%
262 Miles
53%
434 Myles
53%
167 Roberto
53%
156 Brendan
52%
435 Brendon
52%
114 Caleb
52%
483 Kaleb
52%
266 Stanley
52%
301 Warren
52%
200 Wayne
52%
102 Adrian
51%
199 Bruce
51%
144 Logan
51%
227 Ronnie
51%
76 Austin
50%
157 Calvin
50%
160 Drew
50%
169 Edgar
50%
58 Jared
50%
395 Jarred
50%
263 Jarrod
50%
408 Neal
50%
222 Neil
50%
148 Ricky
50%
162 Ross
50%
471 Sebastian
50%
488 Donnie
49%
69 Keith
49%
362 Kenny
49%
442 Rickey
49%
122 Troy
49%
49 Cody
48%
342 Connor
48%
467 Conor
48%
85 Douglas
48%
327 Gavin
48%
418 Kody
48%
131 Ricardo
48%
133 Terry
48%
465 Wyatt
48%
277 Barry
47%
195 Bryce
47%
432 Frankie
47%
92 Wesley
47%
186 Willie
47%
407 Abel
46%
63 Chad
46%
88 Craig
46%
448 Darin
46%
170 Darren
46%
452 Darrin
46%
197 Dominic
46%
427 Dominick
46%
221 Marvin
46%
231 Maxwell
46%
204 Pedro
46%
105 Randy
46%
173 Alejandro
45%
106 Blake
45%
220 Eduardo
45%
108 Mario
45%
364 Bret
44%
71 Brett
44%
44 Dustin
44%
113 Garrett
44%
330 Howard
44%
179 Javier
44%
394 Terence
44%
216 Terrance
44%
258 Terrell
44%
226 Terrence
44%
305 Trent
44%
205 Darrell
43%
223 Darryl
43%
314 Daryl
43%
99 Devin
43%
209 Devon
43%
190 Gerald
43%
193 Levi
43%
485 Parker
43%
139 Chase
42%
378 Elias
42%
352 Felix
42%
398 Graham
42%
138 Manuel
42%
369 Norman
42%
150 Randall
42%
399 Riley
42%
240 Alberto
41%
218 Andres
41%
165 Angel
41%
254 Eugene
41%
282 Morgan
41%
294 Alvin
40%
103 Brent
40%
296 Marshall
40%
396 Nolan
40%
135 Francisco
39%
142 Lance
39%
202 Preston
39%
308 Quentin
39%
89 Seth
39%
124 Spencer
39%
329 Angelo
38%
340 Bernard
38%
129 Jorge
38%
444 Roman
38%
180 Ruben
38%
436 Ashley
37%
402 Clay
37%
100 Curtis
37%
350 Emanuel
37%
192 Emmanuel
37%
335 Kurtis
37%
372 Quinton
37%
291 Alfredo
36%
494 Colton
36%
367 Damon
36%
274 Dwayne
36%
245 Ernest
36%
384 Josiah
36%
246 Tristan
36%
255 Brady
35%
80 Casey
35%
153 Clayton
35%
461 Hugo
35%
456 Kasey
35%
110 Miguel
35%
374 Pablo
35%
247 Tyson
35%
368 Diego
34%
389 Gordon
34%
397 Alexis
33%
459 Avery
33%
381 Glen
33%
232 Julio
33%
379 Julius
33%
264 Melvin
32%
224 Micah
32%
293 Wade
32%
249 Byron
31%
285 Dane
31%
320 Landon
31%
433 Marlon
31%
201 Omar
31%
208 Fernando
30%
302 Nelson
30%
439 Roland
30%
493 Zane
30%
324 Malcolm
29%
422 Saul
29%
248 Dale
28%
298 Ralph
28%
235 Ramon
28%
375 Beau
27%
292 Brock
27%
358 Chance
27%
257 Colby
27%
332 Earl
27%
331 Ernesto
27%
478 Esteban
27%
172 Hector
27%
333 Israel
27%
229 Kurt
27%
187 Maurice
27%
392 Perry
27%
171 Rodney
27%
120 Todd
27%
411 Trey
27%
281 Arturo
26%
400 Dante
26%
425 Donte
26%
319 Stuart
26%
363 Zachariah
26%
413 Alec
25%
348 Dallas
25%
388 Fabian
25%
290 Gilbert
25%
470 Guy
25%
450 Rory
25%
300 Tanner
25%
445 Weston
25%
359 Clint
24%
423 Duane
24%
495 Gene
24%
458 Giovanni
24%
415 Kent
24%
430 Lloyd
24%
207 Rafael
24%
225 Armando
23%
317 Dexter
23%
212 Jerome
23%
280 Kelly
23%
189 Sergio
23%
286 Clifford
22%
253 Darius
22%
355 Dwight
22%
297 Kirk
22%
484 Loren
22%
211 Raul
22%
295 Enrique
21%
475 Herbert
21%
196 Reginald
21%
215 Tyrone
21%
345 Heath
20%
325 Clarence
19%
194 Clinton
19%
421 Dakota
19%
339 Desmond
19%
420 Ismael
19%
238 Jamal
19%
486 Jamel
19%
287 Kelvin
19%
273 Lorenzo
19%
306 Marcos
19%
464 Milton
19%
316 Trenton
19%
315 Cedric
18%
490 Floyd
18%
385 Leroy
17%
401 Pierre
17%
373 Shannon
17%
496 Sidney
17%
416 Bradford
16%
326 Donovan
16%
328 Gustavo
16%
256 Orlando
16%
349 Rudy
16%
390 Vernon
16%
417 Alfonso
15%
441 Alonzo
15%
275 Antoine
15%
382 Blaine
15%
357 Josue
15%
304 Rene
15%
437 Kerry
14%
480 Rusty
14%
428 Brennan
13%
449 Felipe
13%
198 Geoffrey
13%
210 Jaime
13%
323 Kendrick
13%
474 Carlton
12%
261 Cesar
12%
457 Forrest
12%
259 Jermaine
12%
360 Kendall
12%
489 Reid
12%
338 Roderick
12%
322 Salvador
12%
462 Sheldon
12%
383 Brenton
11%
454 Chadwick
11%
309 Darnell
11%
443 Dusty
11%
310 Gerardo
11%
237 Glenn
11%
469 Gilberto
10%
499 Moises
10%
491 Sterling
10%
351 Clifton
9%
440 Rolando
9%
409 Skyler
9%
429 Dana
8%
334 Lamar
8%
438 Rogelio
8%
380 Rodolfo
7%
473 Salvatore
7%
370 Tyrell
7%
337 Deandre
5%
451 Guillermo
5%
387 Jamar
5%
500 Chaz
4%
447 Cornelius
4%
284 Courtney
4%
288 Demetrius
4%
312 Dominique
4%
356 Jarrett
4%
386 Jarvis
4%
446 Lonnie
4%
354 Marquis
4%
492 Ramiro
4%
472 Antwan
3%
481 Cordero
2%
477 Deangelo
1%
460 Demarcus
1%
336 Rashad
1%
463 Jaron
0%
No matching quizzes found
Score Distribution
Percent of People with Each Score
Percentile by Number Answered
Your Score History
You have not taken this quiz